| 000 | 00724nam a2200205 i 4500 | ||
|---|---|---|---|
| 001 | 157669 | ||
| 003 | ES-MaACL | ||
| 005 | 20230906210813.0 | ||
| 008 | 950424s1892 xxkaf |||| |dspa d | ||
| 040 |
_aEUS _bspa _cEUS |
||
| 100 | 1 |
_aLévy, Arthur. _971994 |
|
| 245 | 1 | 3 |
_aLa vida íntima de Napoleón / _cpor Arthur Lévy ; traducción de Rafael Mesa y López. |
| 260 |
_aLondres ; _aParís : _bThomas Nelson and Son, _c[s.a.] |
||
| 300 |
_aX, 552 p., [1] h. de lám. ; _c16 cm. |
||
| 596 | _aEn el pref. consta la fecha 1892. | ||
| 599 | _aContraport. con grab. | ||
| 600 | 0 | 4 |
_aNapoleón _bI _c, Emperador de Francia. _984910 |
| 700 | 0 |
_aMesa y López, Rafael. _980645 |
|
| 852 |
_aES-MaACL _jD-3801 _z-- Enc. hol. |
||
| 999 |
_c157669 _d157669 |
||